| 000 | 00479nam a2200193Ia 4500 | ||
|---|---|---|---|
| 005 | 20250423094429.0 | ||
| 008 | 250422s9999 xx 000 0 und d | ||
| 020 | _a9788120332164 | ||
| 050 | _aP 121. S935/ | ||
| 100 | _aSyal, Pushpinder | ||
| 245 | 3 | _aAn introduction to linguistics : language, grammar and semantics | |
| 250 | _a2nd ed. | ||
| 260 | _aNew Delhi | ||
| 260 | _bPHI Learning | ||
| 260 | _c2007 | ||
| 300 | _a175 p | ||
| 650 | _aLinguistics | ||
| 942 | _cBK | ||
| 999 |
_c27217 _d27217 |
||